000 01375nam a22003977a 4500
003 CHAP
005 20220329141244.0
008 971010s1973 r 00010 d
010 _a65235
011 _a66207
035 _a74214
040 _cCHAP
090 _aTesis
100 0 0 _aMaldonado Pulido, José Francisco.
_970131
245 _aGuía de riegos del Distrito de riego No. 09, Valle de Juárez, Chih.
260 _aChapingo, Méx. :
_bEl autor,
_c[1973]
300 _a111 h.
_b; mapa
500 _a/
502 _aTesis (Ing. Agr. Esp. en Irrigación) -- ENA. Departamento de Irrigación
590 _aALEPH
_b10
_c20130110
_lUCH01
_h1355
590 _aBATCH-UPD
_b10
_c20130110
_lUCH01
_h0707
590 _aBATCH-UPD
_b10
_c20130410
_lUCH01
_h0352
590 _aBATCH-UPD
_b10
_c20130914
_lUCH01
_h1220
590 _aCONVERSION
_b10
_c20130109
_lUCH01
_h1336
650 1 4 _aDistrito de Riego Ciudad Juárez, Chih.
_932857
650 1 4 _aIrrigación.
_960366
901 _aBK
942 _cFOLL
949 _bBC
_cTES
_d-148764
_eTS1
_i74214
_si
949 _bBC
_cTES
_d-148765
_eTS2
_fc.2
_i74214
_si
949 _bI
_cTES
_d-62339
_eTS2
_fc.2
_h347
_i74214
_si
949 _bI
_cTES
_d-62340
_eTS2
_fc.3
_h348
_i74214
_si
949 _bI
_cTES
_d-62341
_eTS2
_fc.4
_h349
_i74214
_si
949 _bI
_cTES
_d-62342
_eTS2
_fc.5
_h350
_i74214
_si
949 _bI
_cTES
_d-7071
_eTS1
_h346
_i74214
_si
999 _c65235
_d65235